Los derechos de los pueblos.

Bibliographic Details
Main Author: Sagastume Gemmell, Marco A.
Format: Section = Libro
Language:Undetermined
Spanish
Published: Costa Rica Continental 1997
Subjects:
LEADER 00506nam a2200193Ia 4500
008 240830s9999 xx 000 0 und d
020 |a 9977-30-277-4 
040 |a B-ESTELÍ- RUACS / 323.4 S129de 
041 |a spa 
082 |a 323.4 S129de 
100 1 |a Sagastume Gemmell, Marco A. 
245 1 0 |a Los derechos de los pueblos. 
260 |a Costa Rica  |b Continental  |c 1997 
300 |a 30 p. 
650 7 |a DERECHOS HUMANOS 
650 7 |b  DERECHOS DE LOS PUEBLOS 
942 |c BK  |2 ddc 
991 |a TEXTO 
999 |c 10703